00000000nam##2200000za#4500
0019.668601
003CaOODSP
00520210615124254
007ta
008150407|2007||||xxc|||||     f|0| 0 eng|d
020 |a978-0-662-49992-3
040 |aCaOODSP|beng
041 |aeng
041 |afre
043 |an-cn---
0861 |aHS4-33/2007
1101 |aCanada. |bHuman Resources and Social Development Canada.
24510|aJob descriptions - an employer's handbook : |bhow to write them, how to use them
24613|aNational Occupational Classification
260 |aOttawa - Ontario : |bHuman Resources and Social Development Canada |c©2007.
300 |aEnglish text, 24p. : |bcoloured illus., tables ; |c28 cm.
5203 |aBased on the National Occupational Classification (NOC), this handbook can help users to develop job descriptions to hire employees, evaluate employee performance and identify training needs.
563 |aSoftcover
590 |a08-01|b2008-01-04
69007|aJob description|2gcpds
69007|aEmployers|2gcpds
69007|aJob classification|2gcpds
7760#|tDescriptions de travail - manuel à l'usage des employeurs : |w(CaOODSP)9.634916
7760#|tJob descriptions - an employer's handbook : |w(CaOODSP)9.690562
792 |tDescriptions de travail - manuel à l'usage des employeurs : |efre|w(CaOODSP)9.668602
986 |aWP-019-03-07E